000 00575nam a2200229Ia 4500
003 OSt
005 20220928111217.0
006 a|||||r|||| 00| 0
007 ta
008 220927b |||||||| |||| 00| 0 eng d
024 _a28146
037 _cTextual
040 _aSDCL
_cSDCL
_beng
041 _2eng
_aeng
082 _aQ2:332y7, M4
100 _aKunwarlal
245 0 _aVedavyaasparampara.
260 _aDelhi
_bItihas Vidya Prakashan
_c1984
300 _a67p.
_ccm.
942 _hQ2:332y7, M4
_cTEXL
_2CC
999 _c739031
_d739031